000 00739nam a22001817a 4500
005 20170816151944.0
010 _aB-664813
020 _a9789385980930
_c465.00
035 _aB-664813
037 _bStar
_adpl
082 _a000
245 _aSuccess master journalism & mass communication entrance examinations 2017 /
260 _aNew Delhi
_bArihant Publication
270 _a4577/15 Agarwal Road,Dariya Ganj
_bNew Delhi
_e110002
_k011-47630600,232803160
_l11-23280316
300 _avarious peges.
_c27.5cm. (pbk)
942 _2ddc
_cEN
_h000
_mSUC
999 _c143353
_d143353